| 000 | 00507nam a2200193Ia 4500 | ||
|---|---|---|---|
| 008 | 131103s9999 xx 000 0 und d | ||
| 040 | _aLoreto College | ||
| 041 | _aEnglish | ||
| 082 |
_a150/DIN _bLCBkB/497 |
||
| 100 | _aDinkmeyer, Don C | ||
| 245 |
_aChild development _cDon C Dinkmeyer |
||
| 260 |
_aNew Delhi _bPrentice - Hall _c1967 |
||
| 300 |
_aix,,434p. _c 23cm. |
||
| 504 | _aIncludes index | ||
| 650 | _aPsychology | ||
| 651 | _aChild development | ||
| 850 | _aLCBkB/150/DIN | ||
| 942 | _cBK | ||
| 999 |
_c35240 _d85719 |
||